000 00267nam a22000977a 4500
008 170113b xxu||||| |||| 00| 0 eng d
041 _aeng
080 _a618.2
245 _aNURSING PROCESS/ APPLICATION OF THEORIES, FRAMEWORK, AND MODELS
_cGRIFFITH, J.W
942 _2udc
_cBK
999 _c2850
_d2850